[Event "Duelo de Cap's II"]
[Site "http://www.queenalice.com/game.php?id=633225"]
[Date "2009.8.9"]
[Round "-"]
[White "glauber394"]
[Black "Jac"]
[Result "1-0"]
[WhiteElo "1619"]
[BlackElo "1883"]

1. e4 e5 2. Nf3 Nc6 3. Bb5 Nge7 4. O-O a6 5. Ba4 b5 6. Bb3 Bb7 7. c3 g6 8. d4
Bg7 9. Be3 O-O 10. d5 Na5 11. Nbd2 c6 12. d6 Nc8 13. Bc5 Nxb3 14. Nxb3 Qf6 15.
Qe2 Re8 16. Rad1 Bf8 17. Rd2 Nxd6 18. Rfd1 Re6 19. Na5 Rb8 20. Bxd6 Rxd6 21.
Rxd6 Bxd6 22. Rd2 Bc8 23. Qd1 Bf8 24. b4 Qg7 25. Nb3 d6 26. Na5 c5 27. bxc5 dxc5
28. Rd8 Qf6 29. h4 Kg7 30. Ng5 Be7 31. Rd2 h6 32. Nf3 Bg4 33. c4 b4 34. Nb3 Bxf3
35. Qxf3 Qxf3 36. gxf3 Bxh4 37. Nxc5 Rc8 38. Rd5 Bf6 39. Nxa6 Rxc4 40. Rb5 Rc2
41. Nxb4 Rb2 42. a4 Bd8 43. Nd5 Rxb5 44. axb5 Kf8 45. Kf1 Ke8 46. f4 exf4 47.
Nxf4 Kd7 48. Ke2 Kc7 49. Kd3 Bg5 50. Ng2 Kb6 51. Kc4 h5 52. f4 Be7 53. f5 Bf6
54. Nf4 Be5 55. Nh3 h4 56. Ng5 f6 57. Nf3 h3 58. fxg6 f5 59. exf5 Bf6 60. Kd5
Kxb5 61. Ke6 Bh8 62. f6 Kc6 63. g7 1-0

[Event "Cisiliana"]
[Site "http://www.queenalice.com/game.php?id=660178"]
[Date "2009.9.29"]
[Round "-"]
[White "glauber394"]
[Black "Joll"]
[Result "1-0"]
[WhiteElo "1574"]
[BlackElo "1687"]

1. d4 d5 2. c4 e6 3. Nc3 dxc4 4. e4 Nc6 5. Nf3 Bb4 6. Bxc4 Bxc3+ 7. bxc3 Nge7 8.
Ba3 b6 9. O-O Bb7 10. Ng5 Ng6 11. Nf3 Qd7 12. Re1 Nce7 13. Ng5 1-0

[Event "D4"]
[Site "http://www.queenalice.com/game.php?id=660181"]
[Date "2009.9.29"]
[Round "-"]
[White "Joll"]
[Black "glauber394"]
[Result "0-1"]
[WhiteElo "1718"]
[BlackElo "1529"]

1. d4 g6 2. c4 Bg7 3. Nf3 d6 4. e3 Nf6 5. b3 O-O 6. Bb2 c5 7. Nbd2 b6 8. g3 Bb7
9. Bg2 e6 10. O-O Nbd7 11. Qc2 Rc8 12. Rad1 Qc7 13. dxc5 dxc5 0-1

[Event "AUTO-INT-1471"]
[Site "http://www.queenalice.com/game.php?id=662923"]
[Date "2009.10.5"]
[Round "1"]
[White "Peppone"]
[Black "glauber394"]
[Result "0-1"]
[WhiteElo "1256"]
[BlackElo "1660"]

1. e4 c5 2. Nf3 Nc6 3. Bc4 e6 4. O-O a6 5. Nc3 b5 6. Be2 d5 7. exd5 exd5 8. Re1
Be6 9. d3 Nf6 10. Ng5 Bd6 0-1

[Event "AUTO-INT-1471"]
[Site "http://www.queenalice.com/game.php?id=662940"]
[Date "2009.10.5"]
[Round "1"]
[White "glauber394"]
[Black "Giant"]
[Result "0-1"]
[WhiteElo "1660"]
[BlackElo "2106"]

1. e4 e5 2. Nf3 Nc6 3. Bb5 a6 4. Ba4 Nf6 5. O-O Be7 6. Re1 b5 7. Bb3 d6 8. c3
O-O 9. d4 Bg4 10. h3 Bxf3 11. Qxf3 exd4 12. Bg5 Ne5 13. Qd1 dxc3 14. Nxc3 h6 15.
Bh4 c6 16. Rc1 a5 17. a4 b4 18. Nb1 Rc8 19. f4 Ng6 20. Bg3 Nd7 21. f5 Nge5 22.
Qh5 Bg5 23. Rcd1 Qe7 24. Nd2 Nc5 25. Bc2 g6 26. fxg6 fxg6 27. Qe2 Bf4 28. Bxf4
Rxf4 29. Rf1 Rcf8 30. Nc4 Rxf1+ 31. Rxf1 Rxf1+ 32. Kxf1 Qf7+ 33. Kg1 Qxc4 34.
Qxc4+ Nxc4 35. b3 Ne3 36. Bb1 Nxb3 37. Ba2 c5 38. Bxb3+ c4 39. Ba2 b3 40. Bb1 c3
41. Kf2 c2 0-1

[Event "AUTO-INT-1471"]
[Site "http://www.queenalice.com/game.php?id=662949"]
[Date "2009.10.5"]
[Round "1"]
[White "mestre_leonardo"]
[Black "glauber394"]
[Result "0-1"]
[WhiteElo "1653"]
[BlackElo "1660"]

1. e4 c5 2. Nf3 Nc6 3. Bc4 e6 4. O-O a6 5. a4 d5 6. exd5 exd5 7. Re1+ Be6 8. Be2
Bd6 9. d3 Nf6 10. Bg5 O-O 11. c3 h6 12. Be3 Qc7 13. c4 d4 14. Bd2 Rad8 15. Na3
Ne5 16. Nxe5 Bxe5 17. g3 Rfe8 18. b4 b6 19. bxc5 bxc5 20. Bf3 Bd6 21. Re2 Bh3
22. Rxe8+ Rxe8 23. Nc2 Nd7 24. Bd5 Nf6 25. Bf3 Bf5 26. a5 Bxd3 27. Ne1 Bxc4 28.
Qc2 Bb5 29. Nd3 Nd7 30. Bg4 Nf6 31. Bh3 c4 32. Nf4 d3 33. Qd1 Qc6 34. Bc3 Bxf4
35. Bxf6 Qxf6 36. gxf4 Qxf4 37. Bg2 Qg5 38. h3 Bc6 39. f3 Re2 40. Qf1 Qe3+ 41.
Kh1 Rf2 42. Qg1 Bxf3 0-1

[Event "AUTO-INT-1471"]
[Site "http://www.queenalice.com/game.php?id=662950"]
[Date "2009.10.5"]
[Round "1"]
[White "glauber394"]
[Black "mestre_leonardo"]
[Result "1-0"]
[WhiteElo "1705"]
[BlackElo "1685"]

1. e4 e5 2. Nf3 Nc6 3. Bb5 d6 4. O-O Bd7 5. c3 Nf6 6. Re1 a6 7. Ba4 b5 8. Bb3 a5
9. a4 bxa4 10. Bxa4 Be7 11. d4 O-O 12. d5 Na7 13. Bxd7 Qxd7 14. Rxa5 Nb5 15.
Rxa8 Rxa8 16. c4 Nd4 17. Nxd4 exd4 18. Qxd4 Ra1 19. Nc3 Qg4 20. h3 Qh5 21. b3 h6
22. Nb5 Rb1 23. Nxc7 Rxb3 24. e5 Nd7 25. Bb2 dxe5 26. Qd2 Bb4 27. Qc2 Bxe1 28.
Qxb3 Qe2 29. Qe3 Qxb2 30. Qxe1 Qd4 31. Qe2 Qb6 32. Nb5 f6 33. Qh5 Qb8 34. Kf1
Nb6 35. Qg4 Qe8 36. Nd6 Qe7 37. Nf5 Qa7 38. c5 Nxd5 39. Qc4 Qa1+ 40. Ke2 Qb2+
41. Kf3 Qc3+ 42. Qxc3 Nxc3 43. Ke3 Na4 44. c6 Nb6 45. Ke4 Kf7 46. f4 exf4 47.
Kxf4 g5+ 48. Ke4 Kg6 49. Ne7+ Kf7 50. Nd5 Nxd5 51. Kxd5 Ke8 52. Kd6 Kd8 53. Ke6
Kc7 54. Kxf6 Kxc6 55. Kg6 Kd5 56. Kxh6 g4 57. hxg4 Ke5 58. g5 Ke6 59. Kh7 Kf7
60. g6+ 1-0

[Event "Challenge"]
[Site "http://www.queenalice.com/game.php?id=708406"]
[Date "2010.1.4"]
[Round "-"]
[White "glauber394"]
[Black "Jac"]
[Result "0-1"]
[WhiteElo "1768"]
[BlackElo "1918"]

1. d4 Nf6 2. c4 b6 3. Nc3 Bb7 4. d5 g6 5. e4 c6 6. Nf3 d6 7. Bg5 Bg7 8. Bd3 Nfd7
9. O-O Bxc3 10. bxc3 O-O 11. Bh6 Re8 12. Bc2 e6 13. Qd4 f6 14. dxe6 Rxe6 15. Ng5
Re5 16. Nf3 Rh5 17. Bf4 Ne5 18. Bxe5 fxe5 19. Qd1 c5 20. Re1 Na6 21. h3 Qf6 22.
Rb1 Rd8 23. Qd3 Nc7 24. Bd1 Ne8 25. Nh2 Rg5 26. Ng4 Rxg4 27. Bxg4 Ng7 28. Rf1
Qg5 29. Qg3 Qd2 30. a4 Qc2 31. f4 Bxe4 32. fxe5 dxe5 33. Bd1 Qd3 34. Bf3 Bxf3
35. Qxf3 Qxc4 36. a5 b5 37. Rfd1 Rf8 38. Qd5+ Qxd5 39. Rxd5 a6 40. Rxe5 c4 41.
Rf1 Rd8 42. Re7 Rd3 43. Rc1 Nf5 44. Ra7 Rd6 45. Re1 Ng7 46. Ree7 Rd1+ 47. Kh2
Nf5 0-1

[Event "AUTO-INT-1407"]
[Site "http://www.queenalice.com/game.php?id=709594"]
[Date "2010.1.7"]
[Round "2"]
[White "glauber394"]
[Black "Banff"]
[Result "1/2-1/2"]
[WhiteElo "1765"]
[BlackElo "1846"]

1. e4 e5 2. Nf3 c5 3. Bc4 f6 4. Nxe5 fxe5 5. Qh5+ g6 6. Qxe5+ Qe7 7. Qxh8 Qxe4+
8. Be2 Qxg2 9. Rf1 Ne7 10. d3 Qxh2 11. Nc3 Nbc6 12. Be3 d6 13. O-O-O h5 14. Bh6
Kd7 15. Bxf8 a6 16. Qh7 Qf4+ 17. Kb1 Qxf8 18. f4 Kc7 19. Nd5+ Kb8 20. Nb6 Ra7
21. Bf3 Nd4 22. Rde1 Nxf3 23. Rxf3 Nf5 24. Nd5 b5 25. Qxg6 Nh4 26. Qxh5 Nxf3 27.
Qxf3 Rg7 28. Nb6 Bb7 29. Qh3 Kc7 30. a4 Kxb6 31. axb5 axb5 32. Qh2 Bd5 33. b3 b4
34. f5 Kc6 35. Rf1 Qf6 36. Qh5 Ra7 37. Qe8+ Kb6 38. Qb8+ Bb7 39. d4 Qxd4 40.
Qd8+ Kc6 41. Qe8+ Kb6 42. Qd8+ Kc6 43. Qe8+ Kb6 44. Qd8+ Kc6 1/2-1/2

[Event "AUTO-INT-1407"]
[Site "http://www.queenalice.com/game.php?id=709595"]
[Date "2010.1.7"]
[Round "2"]
[White "Banff"]
[Black "glauber394"]
[Result "1-0"]
[WhiteElo "1832"]
[BlackElo "1779"]

1. e4 d6 2. d4 e5 3. dxe5 dxe5 4. Qxd8+ Kxd8 5. c4 Nc6 6. b3 Bc5 7. Be3 Bb4+ 8.
Kd1 f5 9. a3 Be7 10. exf5 Bxf5 11. Nd2 Nf6 12. h3 Ke8 13. f3 Rd8 14. g4 Bg6 15.
b4 a6 16. Rh2 b5 17. cxb5 Nd4 18. bxa6 Nb3 19. Ra2 e4 20. a7 exf3 21. a8=Q Rxa8
22. Nxb3 Be4 23. Bd4 Rd8 24. Rhd2 c6 25. Bxf6 Bxf6 26. Rxd8+ Kxd8 27. Nd2 Bd5
28. Rc2 Ke7 29. Ngxf3 Rd8 30. Ke1 Kf7 31. Kf2 h6 32. Bc4 Kg6 33. Bxd5 cxd5 34.
Nb3 Rf8 35. Kg2 Ra8 36. Ra2 Rd8 37. a4 Bc3 38. b5 d4 39. a5 d3 40. b6 d2 41.
Nfxd2 Bxd2 42. Rxd2 1-0

[Event "AUTO-INT-1471"]
[Site "http://www.queenalice.com/game.php?id=746604"]
[Date "2010.3.15"]
[Round "2"]
[White "glauber394"]
[Black "Elficolorean"]
[Result "0-1"]
[WhiteElo "1758"]
[BlackElo "1787"]

1. e4 d5 2. e5 Nc6 3. d4 f6 4. Nf3 Bg4 5. Be2 Bxf3 6. Bxf3 e6 7. Bf4 fxe5 8.
dxe5 Be7 9. O-O Bg5 10. Bg3 Nh6 11. Nc3 O-O 12. Re1 Nf5 13. a3 Nxg3 14. fxg3 Rf5
15. Bg4 Rxe5 16. Rxe5 Nxe5 17. Bxe6+ Kh8 18. Bxd5 c6 19. Bf3 Qxd1+ 20. Rxd1 Rd8
21. Rxd8+ Bxd8 22. Ne4 Be7 23. Bh5 Nc4 24. Be2 Nxb2 25. Kf2 Bxa3 26. Ng5 g6 27.
Nf7+ Kg7 28. Nd8 a5 29. Nxb7 Bb4 30. Bf3 c5 31. Ke2 a4 32. Bd5 c4 33. Ke3 a3 34.
Kd4 a2 0-1

[Event "AUTO-INT-1471"]
[Site "http://www.queenalice.com/game.php?id=746605"]
[Date "2010.3.15"]
[Round "2"]
[White "Elficolorean"]
[Black "glauber394"]
[Result "1-0"]
[WhiteElo "1936"]
[BlackElo "1759"]

1. e4 c5 2. c3 Nc6 3. d4 e6 4. Nf3 d5 5. exd5 exd5 6. dxc5 Bxc5 7. Nbd2 Bg4 8.
Qe2+ Nge7 9. h3 Bh5 10. g4 Bg6 11. Nb3 Bb6 12. Bg2 O-O 13. O-O Bc7 14. Nfd4 Qd6
15. Nf3 Rfe8 16. Be3 Be4 17. Bc5 Bxf3 18. Bxd6 Bxe2 19. Bxc7 Bxf1 20. Kxf1 Rac8
21. Bg3 Rcd8 22. Nc5 b6 23. Nb7 Rd7 24. Nd6 Red8 25. Nb5 a6 26. Nc7 a5 27. Nb5
Na7 28. Nd4 g6 29. Ke2 Nec6 30. Kd3 Nxd4 31. Kxd4 Nc6+ 32. Kd3 Ne7 33. Bh4 Kg7
34. Re1 f6 35. Re6 g5 36. Bg3 Nc8 37. Kd4 Kf7 38. Rc6 Kg6 39. Bc7 Re8 40. Bxb6
Nxb6 41. Rxb6 Re2 42. Rb5 Rxf2 43. Bxd5 Rd2+ 44. Kc4 Rc7+ 45. Kb3 Ra7 46. Be4+
Kg7 47. Bf5 Rh2 48. Ka4 Rxh3 49. Rxa5 Rxa5+ 50. Kxa5 Rh2 51. b4 Rxa2+ 52. Kb5
Rh2 53. c4 h5 54. c5 h4 55. c6 Rh1 56. c7 Rc1 57. c8=Q Rxc8 58. Bxc8 h3 59. Bf5
Kf7 60. Kc6 1-0

[Event "AUTO-INT-1471"]
[Site "http://www.queenalice.com/game.php?id=746606"]
[Date "2010.3.15"]
[Round "2"]
[White "glauber394"]
[Black "Erychess"]
[Result "1-0"]
[WhiteElo "1743"]
[BlackElo "1906"]

1. e4 e5 2. Nf3 Nc6 3. Bb5 a6 4. Ba4 b5 5. Bb3 d6 6. O-O Bg4 7. d3 Nd4 8. Nbd2
c6 9. c3 Nxb3 10. Qxb3 Nf6 11. d4 Bxf3 12. Nxf3 Nd7 13. dxe5 Nxe5 14. Nxe5 dxe5
15. Be3 Be7 16. f4 exf4 17. Rad1 Qc8 18. Bxf4 O-O 19. Rfe1 Qg4 20. g3 Rad8 21.
Kg2 h5 22. h3 Qg6 23. Rxd8 Rxd8 24. e5 h4 25. g4 Qd3 26. e6 Qd5+ 27. Qxd5 Rxd5
28. exf7+ Kxf7 29. Rf1 Kg6 30. Re1 Bf6 31. Re6 Kf7 32. Rxc6 a5 33. Rb6 g5 34.
Be3 Re5 35. Kf3 Rd5 36. Rb7+ Ke6 37. Ra7 b4 38. c4 Rd1 39. Rxa5 Rh1 40. Ra6+ Kf7
41. Kg2 Re1 42. Kf2 Rb1 43. b3 Rb2+ 44. Kf3 Rh2 45. Ra7+ Kg6 46. c5 Rxh3+ 47.
Ke4 Rg3 48. c6 Rxg4+ 49. Kf3 Rg3+ 50. Kf2 g4 51. c7 1-0

[Event "AUTO-INT-1471"]
[Site "http://www.queenalice.com/game.php?id=746607"]
[Date "2010.3.15"]
[Round "2"]
[White "Erychess"]
[Black "glauber394"]
[Result "1-0"]
[WhiteElo "1983"]
[BlackElo "1766"]

1. e4 c5 2. Nc3 Nc6 3. f4 e6 4. Nf3 d5 5. Bb5 d4 6. Nb1 Bd7 7. O-O a6 8. Bxc6
Bxc6 9. d3 Nf6 10. Ne5 Be7 11. Nxc6 bxc6 12. e5 Nd5 13. c4 Nb6 14. a3 O-O 15.
Qf3 Qc7 16. Bd2 Na4 17. b3 Nb6 18. Ba5 Qb7 19. Bxb6 Qxb6 20. Nd2 Rac8 21. Rab1
a5 22. Ne4 f5 23. Ng3 Bh4 24. Ne2 h6 25. Qh5 Qd8 26. g3 Be7 27. Qg6 Qd7 28. Rb2
Bd8 29. Kg2 Qf7 30. Qxf7+ Rxf7 31. Ng1 g5 32. fxg5 Bxg5 33. Nh3 Be3 34. Nf4 Bxf4
35. Rxf4 Kh7 36. h3 Rg8 37. b4 cxb4 38. axb4 axb4 39. Rxb4 c5 40. Rb6 Rfg7 41.
Rf3 f4 42. g4 h5 43. Rxf4 hxg4 44. h4 Rc7 45. Rxe6 Rgg7 46. Kg3 Ra7 47. Rxg4
Rxg4+ 48. Kxg4 Rc7 49. h5 Rg7+ 50. Kh4 Rc7 51. Kg5 Kg7 52. h6+ Kh7 53. Rf6 Re7
54. e6 Kg8 55. Kg6 Re8 56. Kf5 Kh7 57. Ke5 1-0